| 000 | 00706nam a22001937a 4500 | ||
|---|---|---|---|
| 001 | BD-DhSAU 10496 | ||
| 003 | BD-DhSAU | ||
| 005 | 20150627151009.0 | ||
| 008 | 150624b1989 bg ||||| |||| 00| 0 ben d | ||
| 040 | _aBD-DhSAU | ||
| 082 |
_222 _a... _bচট্টোসী |
||
| 100 | _aচট্টোপাধ্যায়, বঙ্কিমচন্দ্র | ||
| 245 |
_aসীতারাম / _cবঙ্কিমচন্দ্র চট্টোপাধ্যায় |
||
| 260 |
_aঢাকা : _bআনন্দ প্রকাশন, _c১৯৮৯. |
||
| 300 |
_a৯১১ পৃ. : _c২২ সে মি। |
||
| 590 | _aJerin | ||
| 650 | _aউপন্যাস | ||
| 942 |
_2ddc _cBOOK |
||
| 999 |
_c10496 _d10495 |
||